Länder in der Nähe von Laos - Ein-Minuten-Sprint - Statistiken

Allgemein
  • Dieses Quiz wurde 59 mal gespielt
  • Das Durchschnittsergebnis liegt bei 15 aus 20
Antwortstatistiken
km Land % Korrekt
0 Vietnam
100%
0 China
95%
717 Indien
95%
0 Kambodscha
95%
0 Thailand
95%
0 Birma
91%
945 Malaysia
86%
1105 Indonesien
84%
780 Bangladesch
79%
1396 Nepal
77%
1864 Japan
70%
2603 Südkorea
70%
1072 Bhutan
67%
2714 Nordkorea
67%
1406 Singapur
67%
1342 Brunei
65%
1528 Taiwan
58%
2148 Mongolei
53%
1315 Philippinen
53%
2360 Sri Lanka
44%
Keine übereinstimmenden Quizze gefunden
Verteilung der Resultate
Anzahl Personen mit jedem Resultat
Perzentil nach korrekt beantworteten Fragen
Ihre Resultats-Entwicklung
Sie haben dieses Quiz noch nicht gespielt